MS-DOS PC tutor / (Record no. 541794)
[ view plain ]
| 000 -LEADER | |
|---|---|
| fixed length control field | 00969cam a2200205 a 4500 |
| 020 ## - INTERNATIONAL STANDARD BOOK NUMBER | |
| International Standard Book Number | 0880226188 : |
| 082 00 - DEWEY DECIMAL CLASSIFICATION NUMBER | |
| Classification number | 005.446 |
| Author Mark | EWI |
| -- | M |
| 100 1# - MAIN ENTRY--PERSONAL NAME | |
| Personal name | Ewing, Sheila C. |
| 9 (RLIN) | 36839 |
| 245 00 - TITLE STATEMENT | |
| Title | MS-DOS PC tutor / |
| Statement of responsibility, etc. | Sheila C. Ewing, Caroline M. Halliday, J.D. Watson. |
| 260 ## - PUBLICATION, DISTRIBUTION, ETC. | |
| Place of publication, distribution, etc. | Carmel, IN : |
| Name of publisher, distributor, etc. | Que Corp., |
| Date of publication, distribution, etc. | c1990. |
| 300 ## - PHYSICAL DESCRIPTION | |
| Extent | xiv, 336 p. : |
| Other physical details | ill. ; |
| Dimensions | 24 cm. + |
| Accompanying material | 1 computer disk (5 1/4 in.) |
| 500 ## - GENERAL NOTE | |
| General note | "Based on DOS releases 3.3 and 4.0"--T.p. verso. |
| 500 ## - GENERAL NOTE | |
| General note | Includes index. |
| 500 ## - GENERAL NOTE | |
| General note | System requirements for computer disk: IBM PC, PC XT, AT, PS/2, or an IBM compatible; at least 384K RAM; MS-DOS or PC-DOS 3.3 (3.0, 3.1, and 3.2 have all the features needed for most lessons); 2 disk drives or 1 disk drive and a hard disk; monochrome or color monitor; printer (optional but recommended). |
| 526 ## - STUDY PROGRAM INFORMATION NOTE | |
| Program name | 0 |
| Interest level | 0 |
| Reading level | 0 |
| Title point value | 005_446000000000000_EWI |
| 650 ## - SUBJECT ADDED ENTRY--TOPICAL TERM | |
| Topical term or geographic name entry element | MCE |
| 9 (RLIN) | 379 |
| 700 1# - ADDED ENTRY--PERSONAL NAME | |
| Personal name | Halliday, Caroline M. |
| 9 (RLIN) | 36840 |
| 700 1# - ADDED ENTRY--PERSONAL NAME | |
| Personal name | Watson, J. D. |
| 9 (RLIN) | 36841 |
| 942 ## - ADDED ENTRY ELEMENTS (KOHA) | |
| Source of classification or shelving scheme | |
| Koha item type | Book |
| Withdrawn status | Lost status | Source of classification or shelving scheme | Damaged status | Not for loan | Permanent Location | Current Location | Date acquired | Total Checkouts | Full call number | Barcode | Date last seen | Price effective from | Koha item type |
|---|---|---|---|---|---|---|---|---|---|---|---|---|---|
| Military College of Engineering (MCE) | Military College of Engineering (MCE) | 08/29/2013 | 005.446 EWI | MCE-29177 | 08/29/2013 | 08/29/2013 | Book |
